000 00323nam a2200121Ia 4500
008 231129s1996||||xx |||||||||||||| ||spa||
020 _a958-30-0326-3
082 _a(i)863.3 D218r
245 0 _aRubén Darí­o
260 _c1996
264 _aBogotá : Panamericana
942 _2ddc
_cBKS
999 _c24202
_d24202